Зеркало Иблиса: Фантастический роман

Библиографические подробности
Главный автор: Бурцев В. Виктор
Примечания:Исключено из фонда НТБ ТПУ
Язык:русский
Опубликовано: Москва, Армада, 2001
Серии:Фантастический боевик
Формат: Книга
Запись в KOHA:https://koha.lib.tpu.ru/cgi-bin/koha/opac-detail.pl?biblionumber=30957

MARC

LEADER 00000nam0a2200000 4500
001 30957
005 20231030204219.0
010 |a 5935561263 
035 |a (RuTPU)RU\TPU\book\31233 
035 |a BOOK00031312 
090 |a 30957 
100 |a 20011209d2001 m y0rusy50 ca 
101 0 |a rus 
102 |a RU 
105 |a y z 000ay 
200 1 |a Зеркало Иблиса  |e Фантастический роман  |f В. Бурцев 
210 |a Москва  |c Армада  |c Альфа-книга  |d 2001 
215 |a 403 с. 
225 1 |a Фантастический боевик 
333 |a Исключено из фонда НТБ ТПУ 
675 |a Р2  |v 3 
700 1 |a Бурцев  |b В.  |g Виктор 
801 0 |a RU  |b 63413507  |c 20011209  |g PSBO 
801 2 |a RU  |b 63413507  |c 20210526  |g PSBO 
942 |c BK